Statistics for Cities Mentioned in James Brown's "Living in America"

Click here to take the quiz!

General Stats

  • This quiz has been taken 55 times
  • The average score is 6 of 9

Answer Stats

City% Correct
Los Angeles
94%
New York City
94%
Chicago
78%
Dallas
76%
Atlanta
66%
Detroit
64%
New Orleans
44%
Pittsburgh
34%
Kansas City
30%

Score Distribution

Percentile by Number Answered

Percent of People with Each Score

Your Score History

You have not taken this quiz